Normal view
MARC view
Entry Personal Name
001 - CONTROL NUMBER
- control field: 45971
003 - CONTROL NUMBER IDENTIFIER
- control field: ARRUPE
005 - DATE AND TIME OF LATEST TRANSACTION
- control field: 20190425115533.0
008 - FIXED-LENGTH DATA ELEMENTS
- fixed length control field: 190425|| aca||aabn | a|a d
040 ## - CATALOGING SOURCE
- Original cataloging agency: ARRUPE
- Transcribing agency: ARRUPE
100 ## - HEADING--PERSONAL NAME
- Personal name: Keller, Werner,
- Dates associated with a name: 1909-
670 ## - SOURCE DATA FOUND
- Source citation: Work cat.: (ARRUPE)0: Keller, Werner, 1909-, The Bible as history;, [1956]